Irlanda verde e laranja (Registo nº 4136)

Detalhes MARC
000 -Etiqueta do registo
Cabeçalho 00763nam0a2200265 4500
005 - Identificador da versão
Campo de controlo 20240813122053.0
010 ## - Número internacional normalizado dos livros (ISBN)
Número (ISBN) 9726100321
021 ## - Número do Depósito Legal
Código do país PT
Número 112321/97
100 ## - Dados gerais de processamento
Dados gerais de processamento 20190527d1997 d y0pory5003 ba
102 ## - Pais de publicação ou produção
País de publicação Portugal
101 0# - Língua de publicação
Língua do texto, banda sonora, etc. Português
215 ## - Descrição física 
Indicação específica da natureza do documento e extensão da espécie 132, [3] p.
Outras indicações físicas il
200 1# - Titulo e menção de responsabilidade
Título próprio Irlanda verde e laranja
Primeira menção de responsabilidade Ana Saldanha
Outras menções de responsabilidade il. de Fernando Oliveira
225 1# - Colecção 
Título próprio da colecção Vamos viajar
Indicação de volume 5
205 ## - Menção da edição
Menção da edição 1ª ed.
210 ## - Publicação, Distribuição, etc. 
Lugar da edição, distribuição, etc. Porto
Nome do editor, distribuidor, etc. Campo das Letras
Data da publicação, distribuição, etc. 1997
606 ## - Nome comum usado como assunto
Número de registo de entrada de autoridade 0001851
Palavra de ordem Literatura portuguesa
Subdivisão de assunto Romances de aventuras
Código do sistema CA
675 ## - Classificação Decimal Universal (CDU)
Notação 821.134.3-311.3
Edição 3ª ed.
Língua da edição por
701 #1 - Nome de autor-pessoa física (co-responsabilidade principal)
Palavra de ordem Oliveira
Outra parte do nome não tomada para palavra de ordem Fernando
Código de função Ilustrador / Técnico de desenho computorizado
700 #1 - Nome de autor-pessoa física (responsabilidade principal)
Número de registo de entrada de autoridade 0000076
Palavra de ordem Saldanha
Outra parte do nome não tomada para palavra de ordem Ana
Datas 1959-
966 ## - Identificação da Biblioteca
Sigla EBVEN
942 ## - Elementos de entrada adicionados (Koha)
Tipo de item no Koha Livro
Exemplares
Situação do levantamento Origin of item (home branch) (coded) Biblioteca de empréstimo Código de barras Cota Circulation type (not for loan) Tipo de documento Nota do exemplar Damaged status
  Biblioteca Escolar das Vendas Biblioteca Escolar das Vendas BEV454 8POR SAL   Livro Sem mensagem